01454nam a2200229 a 4500001001000000005001700010008004100027041000800068050002400076100003400100245009200134260001900226300002700245500048300272500004800755500014200803506009300945546005301038600004401091650004601135651004301181BRCA_514620190320204947.0221110s1538----mx-######v---#000-0#spa-# aspa 4abDOC135c.B37p15381 aBarreda Lozano, Vicente de la10aDocumentos propiedad de Don Vicente de la Barreda LozanocVicente de la Barreda Lozano. aMéxicoc1538 a[5] fojasc31 x 23 cm. aTítulos de las casas del tratado de tenería que llaman del Rossal, y la cuenta anexa pertenecientes a Don Vicente de la Barreda Lozano. En este legajo se encuentra la escritura de compra de la huerta del Colegio del Espíritu Santo de la Compañía de Jesús. La escritura de la huerta, el testimonio de la cancelación de dicho censo, el titulo de las primeras mercedes de dicha huerta y licenciada de la tenería, todo confirmado por el Virrey [Antonio de Mendoza]. aEl documento contiene la leyenda DOC. #303. aEstado de conservación: contiene manchas de acidez, laguna en la primera foja en la esquina inferior derecha y márgenes deteriorados.0 aFondo Reservado. Para su consulta es necesario credencial de usuario y carta de motivos. aTexto en: español de principios del siglo XVI.14aBarreda Lozano, Vicente de laxHistoria14aDocumentos legalesvManuscritosxHistoria 4aMéxicoxHistoriayColonia, 1521-1821